Statistics for Five Most Guessed World Cities by Letter #2

Click here to take the quiz!

General Stats

  • This quiz has been taken 547 times
  • The average score is 35 of 40

Answer Stats

LetterCountryGuessedCity% Correct
LUnited Kingdom98%London
99%
MMexico98%Mexico City
98%
MRussia97%Moscow
98%
PFrance100%Paris
98%
ONorway98%Oslo
97%
MSpain97%Madrid
97%
TJapan99%Tokyo
97%
RItaly98%Rome
96%
RBrazil99%Rio de Janeiro
95%
LPortugal92%Lisbon
95%
SAustralia92%Sydney
95%
SSouth Korea97%Seoul
94%
LUnited States95%Los Angeles
94%
LPeru92%Lima
93%
TCanada97%Toronto
93%
PCzech Republic87%Prague
92%
PPanama86%Panama City
92%
OCanada94%Ottawa
92%
NItaly94%Naples
92%
NUnited States97%New York City
91%
SSingapore89%Singapore
90%
SChina94%Shanghai
89%
MIndia90%Mumbai
88%
OJapan98%Osaka
88%
TIran92%Tehran
87%
MPhilippines95%Manila
87%
TTunisia83%Tunis
86%
SBrazil90%São Paulo
85%
PAustralia82%Perth
85%
NKenya93%Nairobi
83%
RNetherlands92%Rotterdam
82%
LNigeria81%Lagos
81%
RSaudi Arabia93%Riyadh
78%
TTaiwan84%Taipei
78%
PUnited States84%Philadelphia
74%
RMorocco89%Rabat
71%
NGermamy71%Nuremberg
66%
OUnited States70%Orlando
65%
NUnited Kingdom69%Newcastle
63%
OBurkina Faso69%Ouagadougou
45%

Score Distribution

Percentile by Number Answered

Percent of People with Each Score

Your Score History

You have not taken this quiz